| 000 | 00449cam a2200193ua 4500 | ||
|---|---|---|---|
| 020 | _c85.00 | ||
| 041 |
_aeng _h |
||
| 082 |
_a658.4034 _bGOE/OP |
||
| 100 | _aGoel, B.S . | ||
| 245 |
_aOperations research / _cB.S.Goel. _hTextual Documents |
||
| 250 |
_a10 / _b. |
||
| 260 |
_a : _bPragati Prakashan , _c1991. |
||
| 300 | _a800 ; . | ||
| 365 | _a85.00 | ||
| 504 | _a | ||
| 700 | 1 | _aMittal, S.K . | |
| 942 | _cBK | ||
| 999 |
_c1512 _d1512 |
||